000 01386cam a22003977a 4500
003 CHAP
005 20220329142116.0
008 990601d1998 mx b r 00110 spa d
010 _a78545
011 _a79517
035 _a89774
040 _cCHAP
090 _aFolleto 15395
100 0 0 _aLouette, Dominique.
_968612
245 1 0 _aFarmers' seed selection practices and maize variety characteristics in a traditionally-based mexican community
_c/by Dominique Louette and Melinda Smale
260 _aMéxico, D.F. :
_bCentro Internacional de Mejoramiento de Maíz y Trigo,
_c1998.
300 _a27 p. :
_bgráfs. ; mapa ; tablas
410 2 1 _aCIMMYT
490 0 _aEconomics. Working paper
_v; 98-04)
590 _aBATCH-UPD
_b10
_c20130110
_lUCH01
_h0709
590 _aBATCH-UPD
_b10
_c20130410
_lUCH01
_h0355
590 _aBATCH-UPD
_b10
_c20130914
_lUCH01
_h1732
590 _aCONVERSION
_b10
_c20130109
_lUCH01
_h1344
650 1 4 _aMaíz
_xGenética.
_970963
650 1 4 _aMaíz
_xGermoplasma.
_970966
650 1 4 _aMaíz
_xSemilla.
_971059
650 1 4 _aMaíz
_xVariedades.
_971081
650 1 4 _aMaíz
_zJalisco.
_971096
700 0 _aSmale, Melinda.
_9106903
810 2 1 _aCIMMYT
_923309
830 0 _aEconomics. Working paper
_v; 98-04)
_935222
901 _aBK
905 _aAlejandra Carrasco M.
942 _cFOLL
949 _aFolleto 15395
_bBC
_cFOLL
_d897741
_eTS1
_i89774
_sb
999 _c78545
_d78545